| 000 | 00490nam a2200193Ia 4500 | ||
|---|---|---|---|
| 008 | 170918s9999 xx 000 0 und d | ||
| 020 | _a9780545587815 | ||
| 050 | _bT823 2012 | ||
| 100 | _aTricarico, Christine | ||
| 245 | _aCoock-a-doodle dance! / | ||
| 245 | _cChristine Tricarico ; illustrated by Rich Deas. | ||
| 260 | _aNew York : | ||
| 260 | _bScholastic, | ||
| 260 | _c2012 | ||
| 300 | _aunpaged : | ||
| 300 | _bcolored illustration ; | ||
| 300 | _c28cm. | ||
| 500 | _a790 | ||
| 999 |
_c341950 _d341950 |
||